000 01044nam a22003137a 4500
003 CHAP
005 20220329133326.0
008 971013s1988 r 10010 d
010 _a4936
011 _a5908
035 _a5124
040 _cCHAP
082 _a630.63
_bA84
111 0 0 _aAthens Agricultural World Congress (
_d1988
_c: Athens, Greece)
_98221
245 _a[Proceeding]
260 _aAthen :
_bConfederación Internacional de Ingenieros Agrónomos,
_c1988
300 _a12 p.
_b: ilus. : tablas
500 _a55-67
590 _aBATCH-UPD
_b10
_c20130110
_lUCH01
_h1009
590 _aBATCH-UPD
_b10
_c20130410
_lUCH01
_h0618
590 _aBATCH-UPD
_b10
_c20130913
_lUCH01
_h2030
590 _aCONVERSION
_b10
_c20130109
_lUCH01
_h1304
650 1 4 _aAgricultura
_xCongresos.
_91373
650 1 4 _aIngeniería agrícola
_xCongresos.
_958198
901 _aBK
942 _cLIBRO
949 _a630.63 A84
_bBC
_cLIBRO
_d33724000031423
_eLIBRO
_h81458
_i5124
_mD
_si
949 _a630.63 A84
_bBC
_cLIBRO
_d33724000548475
_eLIBRO
_fc.2
_h76102
_i5124
_si
999 _c4936
_d4936